Open Data Biblioteca Nacional de Portugal


República Portuguesa: Ministério da Cultura
Biblioteca Nacional de Portugal

Catálogo da BNP: acesso por Identificadores Unívocos
Registos Bibliográficos associados ao registo de autoridade

Etiqueta de registo: 00254nam 2200025 450
001 2278930
003 http://id.bnportugal.gov.pt/bib/catbnp/2278930
100 ## $a20260310d2026 k y0pory01030103ba
101 0# $aeng$dpor
102 ## $aPT
105 ## $aa m 000yy
106 ## $ar
200 1# $aEducador de pares$e um estudo de caso múltiplo em Portugal e nos Estados Unidos$dOlder adult peer-educator$e a multiple case study in Portugal and in the United States$fGiuliana Casanova$gorient. Margarida de Melo Cerqueira, Joyce Weil$zeng
210 #9 $aAveiro$c[s.n.],$d2026
215 ## $a[14], XI, 191 p.$cil.$d30 cm
328 #1 $aTese dout. Gerontologia e Geriatria, Universidade de Aveiro, 2026
510 1# $aOlder adult peer-educator$e a multiple case study in Portugal and in the United States$zeng
675 ## $a613.98(469+73)(043)$vBN$zpor$31995833
700 #1 $aCasanova,$bGiuliana$31990572
702 #1 $aCerqueira,$bMargarida$4727$31224038
702 #1 $aWeil,$bJoyce$4727$31990577
801 #0 $aPT$bBN$gRPC
971 ## $cssilva$d20260310
973 ## $cigoulao$d20260415

OpendataBNP@bnportugal.pt | Mais informação sobre acesso aos dados BNP